Guess the Just Dance 2 Song (with images) - Statistics

General Stats
  • This quiz has been taken 14 times
  • The average score is 42 of 72
Answer Stats
Picture Hint Answer % Correct
Aqua (Countdown Dee’s Hit Explosion cover) Barbie Girl
92%
Boney M. Rasputin
92%
Blondie Call Me
85%
Britney Spears (The Hit Crew cover) Toxic
85%
Katy Perry Firework
77%
Lipps Inc. (Sweat Invaders cover) Funkytown
77%
Avril Lavigne Girlfriend
77%
Outkast Hey Ya!
77%
The Weather Girls It's Raining Men
77%
Ke$ha TiK ToK
77%
MIKA Big Girl (You Are Beautiful)
69%
Steppenwolf Born To Be Wild
69%
Beyoncé ft. Jay-Z (Studio Musicians cover) Crazy in Love
69%
Donna Summer Hot Stuff
69%
James Brown I Got You (I Feel Good)
69%
Kris Kross (Studio Allstars cover) Jump
69%
Lou Bega Mambo No. 5 (A Little Bit of Monika)
69%
Michael Sembello (Studio Allstars cover) Maniac
69%
Boris Pickett and The Crypt Kickers (The Frighteners cover) Monster Mash
69%
Rihanna S.O.S.
69%
The Ting Tings That's Not My Name
69%
Estelle ft. Kanye West American Boy
62%
Dexy’s Midnight Runners Come On Eileen
62%
Jamiroquai Cosmic Girl
62%
Justice D.A.N.C.E.
62%
Ini Kamoze (The Hit Crew cover) Here Comes the Hotstepper
62%
Madonna (The Hit Crew cover) Holiday
62%
The Jackson 5 I Want You Back
62%
Carl Douglas Kung Fu Fighting (Dave Ruffy/Mark Wallis Remix)
62%
Rihanna Pon de Replay
62%
Benny Benassi presents "The Biz" Satisfaction (Isak Original Extended)
62%
Quincy Jones and His Orchestra Soul Bossa Nova
62%
Snap! The Power
62%
Wham! Wake Me Up Before You Go-Go
62%
The Bangles Walk Like an Egyptian
62%
The Pussycat Dolls When I Grow Up
62%
Santa Clones Crazy Christmas
54%
A. R. Rahman and The Pussycat Dolls ft. Nicole Scherzinger Jai Ho! (You Are My Destiny)
54%
Kool & the Gang (Studio Musicians cover) Jungle Boogie
54%
Bollywood (aka Tony Tape & Veilumuth Chitralekha) Katti Kalandal
54%
Junior Senior Move Your Feet
54%
Ike & Tina Turner Proud Mary
54%
The Clash Should I Stay or Should I Go
54%
Spice Girls Spice Up Your Life
54%
Michael Bublé (Marine Band cover) Sway (Quién Será)
54%
The Rolling Stones Sympathy For The Devil (Fatboy Slim Remix)
54%
Cher The Shoop Shoop Song (It’s in His Kiss)
54%
Elvis Presley Viva Las Vegas
54%
Supergrass Alright
46%
Vampire Weekend A-Punk
46%
Reggaeton (aka LT and Rican) Baby Girl
46%
Beastie Boys Body Movin’ (Fatboy Slim Remix)
46%
V V Brown Crying Blood
46%
Sorcerer Dagomba
46%
The Reverend Horatio Duncan and Amos Sweets Down By The Riverside
46%
Digitalism Idealistic
46%
James "Sugar Boy" Crawford and his Cane Cutters (Mardi Gras cover) Iko Iko
46%
Tom Jones It’s Not Unusual
46%
Harry Belafonte Jump in the Line
46%
Panic! At The Disco Nine in the Afternoon
46%
M/A/R/R/S Pump Up the Volume
46%
Fatboy Slim Rockafeller Skank
46%
Blur Song 2
46%
Franz Ferdinand Take Me Out
46%
Stephane Huguenin, Yves Sanna & Christian Padovan (aka Love Letter) Why Oh Why
46%
A Band of Bees (aka The Bees) Chicken Payback
38%
The World Cup Girls (aka Paul J. Borg) Futebol Crazy
38%
M People Moving On Up
38%
Charleston (aka Gert Wilden) Mugsy Baloney
38%
Nick Phoenix & Thomas Bergersen (aka Two Steps from Hell) Professor Pumplestickle
38%
The Supremes You Can’t Hurry Love
38%
Sweat Invaders (aka H. Langschwert) Skin-To-Skin
31%
No matching quizzes found
Score Distribution
Percent of People with Each Score
Percentile by Number Answered
Your Score History
You have not taken this quiz